[Event "Chigorin Memorial 28th"]
[Site "St Petersburg"]
[Date "2021.10.30"]
[Round "8"]
[White "Sichinava, Zviad"]
[Black "Gorovenko, Darya"]
[Result "1-0"]
[WhiteElo "2257"]
[BlackElo "2061"]
[PlyCount "83"]
[EventDate "2021.10.23"]
[EventType "swiss"]
[EventRounds "9"]
[EventCountry "RUS"]
[SourceTitle "EXT 2023"]
[Source "ChessBase"]
[SourceDate "2022.10.05"]
[SourceVersion "1"]
[SourceVersionDate "2022.10.05"]
[SourceQuality "1"]

1. d4 Nf6 2. Bg5 d5 3. Nd2 g6 4. Bxf6 exf6 5. e3 c5 6. c3 Nc6 7. g3 Be6 8. Ne2 Qb6 9. Qb3 f5 10. Bg2 Qxb3 11. axb3 cxd4 12. exd4 Bh6 13. f4 0-0 14. b4 b6 15. b5 Na5 16. Kf2 Nb7 17. Nc4 Rfc8 18. Ne3 Rd8 19. Ra4 Rab8 20. Rha1 Bf8 21. Rxa7 Kg7 22. R7a6 Nd6 23. Nxd5 Nxb5 24. Rxb6 Bxd5 25. Rxb8 Rxb8 26. Bxd5 Nc7 27. Bc4 Rxb2 28. Ra7 Bd6 29. Ke3 Kf6 30. Ba2 Ne6 31. Ra6 Ke7 32. c4 Bb4 33. Ra7+ Ke8 34. c5 Nd8 35. Bd5 Rc2 36. Ra2 Rxa2 37. Bxa2 Kd7 38. Kd3 Ne6 39. Kc4 Ba3 40. Kb3 Nxd4+ 41. Nxd4 Bxc5 42. Kc4 1-0

[Event "Chigorin Memorial 28th"]
[Site "St Petersburg"]
[Date "2021.10.29"]
[Round "7"]
[White "Gorovenko, Darya"]
[Black "Berezovsky, Timofei"]
[Result "1-0"]
[WhiteElo "2061"]
[BlackElo "1851"]
[PlyCount "75"]
[EventDate "2021.10.23"]
[EventType "swiss"]
[EventRounds "9"]
[EventCountry "RUS"]
[SourceTitle "EXT 2023"]
[Source "ChessBase"]
[SourceDate "2022.10.05"]
[SourceVersion "1"]
[SourceVersionDate "2022.10.05"]
[SourceQuality "1"]

1. d4 Nf6 2. Nf3 e6 3. c4 Bb4+ 4. Bd2 Qe7 5. g3 0-0 6. Bg2 Bxd2+ 7. Qxd2 d6 8. Nc3 e5 9. 0-0 Nc6 10. Nd5 Nxd5 11. cxd5 Nxd4 12. Nxd4 exd4 13. Rac1 Bf5 14. Qxd4 Qxe2 15. Rxc7 Qa6 16. Qb4 Rac8 17. Rxb7 Bd3 18. Re1 Rc4 19. Qb3 Rc5 20. Rb8 g6 21. Rxf8+ Kxf8 22. h3 Qb5 23. Qa3 a5 24. Re3 Bf5 25. b3 f6 26. g4 Bd7 27. Qb2 Kf7 28. g5 fxg5 29. Qh8 Rc1+ 30. Kh2 g4 31. Qxh7+ Kf8 32. Qe7+ Kg8 33. Qd8+ Kg7 34. Re7+ Kh6 35. Qh8+ Kg5 36. h4+ Kf4 37. Qh6+ Kf5 38. Qg5# 1-0

[Event "Chigorin Memorial 28th"]
[Site "St Petersburg"]
[Date "2021.10.26"]
[Round "4"]
[White "Shchukin, Maksim"]
[Black "Gorovenko, Darya"]
[Result "1-0"]
[WhiteElo "2199"]
[BlackElo "2061"]
[PlyCount "57"]
[EventDate "2021.10.23"]
[EventType "swiss"]
[EventRounds "9"]
[EventCountry "RUS"]
[SourceTitle "EXT 2023"]
[Source "ChessBase"]
[SourceDate "2022.10.05"]
[SourceVersion "1"]
[SourceVersionDate "2022.10.05"]
[SourceQuality "1"]

1. Nf3 Nf6 2. d4 g6 3. Nbd2 d5 4. c4 c6 5. e3 Bg7 6. Bd3 0-0 7. b3 Nbd7 8. Bb2 b6 9. 0-0 Ba6 10. Qe2 e6 11. a4 Nh5 12. a5 Qb8 13. b4 dxc4 14. Nxc4 c5 15. dxc5 bxc5 16. Bxg7 Nxg7 17. b5 Bb7 18. e4 f5 19. Rab1 Nf6 20. exf5 exf5 21. Nce5 Bd5 22. Bc4 Re8 23. Bxd5+ Nxd5 24. Rfd1 Nf6 25. Qc4+ Ne6 26. b6 Ng4 27. b7 Nxe5 28. Nxe5 Qxe5 29. Re1 1-0

[Event "Moscow-ch Final (Women)"]
[Site "Moscow"]
[Date "2021.04.02"]
[Round "9"]
[White "Danilova, Rada"]
[Black "Gorovenko, Darya"]
[Result "0-1"]
[WhiteElo "2048"]
[BlackElo "2106"]
[PlyCount "92"]
[EventDate "2021.03.25"]
[EventType "swiss"]
[EventRounds "9"]
[EventCountry "RUS"]
[SourceTitle "CBM 202 Extra"]
[Source "ChessBase"]
[SourceDate "2021.07.31"]
[SourceVersion "1"]
[SourceVersionDate "2021.07.31"]
[SourceQuality "1"]

1. d4 Nf6 2. c4 g6 3. Nc3 Bg7 4. e4 d6 5. Nge2 0-0 6. Ng3 c5 7. d5 e6 8. Be2 exd5 9. cxd5 a6 10. a4 Qa5 11. 0-0 b5 12. Bf4 b4 13. Nb1 Qc7 14. a5 Bd7 15. Re1 Bb5 16. Nd2 Nfd7 17. Qc2 Rc8 18. Bg4 h5 19. Bxh5 gxh5 20. Nxh5 Nf6 21. Nxg7 Kxg7 22. e5 Nxd5 23. exd6 Qd7 24. Bg3 Qg4 25. Ne4 Nd7 26. Rad1 Qf5 27. Qd2 Bc6 28. f3 Re8 29. Qf2 N5f6 30. Nxf6 Nxf6 31. Re7 Rad8 32. Rc7 Rc8 33. Ra7 Bb5 34. Bh4 Nd7 35. Qg3+ Qg6 36. Qf4 Re6 37. Bf2 Rce8 38. h4 Rf6 39. Qh2 Rxf3 40. h5 Qc2 41. gxf3 Qxd1+ 42. Kg2 Bf1+ 43. Kg3 Qxd6+ 44. f4 Rg8 45. Qh4 Kh7+ 46. Kh2 Qd5 0-1

[Event "Moscow-ch Final (Women)"]
[Site "Moscow"]
[Date "2021.04.01"]
[Round "8"]
[White "Gorovenko, Darya"]
[Black "Zvereva, Margarita"]
[Result "0-1"]
[WhiteElo "2106"]
[BlackElo "1951"]
[PlyCount "123"]
[EventDate "2021.03.25"]
[EventType "swiss"]
[EventRounds "9"]
[EventCountry "RUS"]
[SourceTitle "CBM 202 Extra"]
[Source "ChessBase"]
[SourceDate "2021.07.31"]
[SourceVersion "1"]
[SourceVersionDate "2021.07.31"]
[SourceQuality "1"]

1. d4 d5 2. c4 e6 3. Nf3 Nf6 4. g3 dxc4 5. Qa4+ Nbd7 6. Qxc4 a6 7. Bg2 b5 8. Qc2 Bb7 9. 0-0 c5 10. a4 b4 11. a5 Rc8 12. Qd1 Be7 13. b3 0-0 14. Bb2 cxd4 15. Bxd4 Bc5 16. e3 Qe7 17. Nbd2 Rfd8 18. Qe2 Bxd4 19. exd4 Nd5 20. Nc4 Nc3 21. Qe3 Nf6 22. Rfe1 Nfd5 23. Qe5 Nb5 24. Rad1 Qc7 25. Qh5 Nf6 26. Qh4 Nc3 27. Rd3 Ncd5 28. Bh3 h6 29. Nfe5 Re8 30. Rd2 Rcd8 31. Nd3 Nd7 32. Bg2 Ba8 33. Be4 N7f6 34. Bg2 Qe7 35. Nc5 Nc7 36. Nb7 Bxb7 37. Bxb7 Nfd5 38. Qxe7 Nxe7 39. Ne5 Rb8 40. Bg2 Nb5 41. Nc6 Nxc6 42. Bxc6 Red8 43. d5 exd5 44. Rxd5 Nd4 45. Rxd8+ Rxd8 46. Bb7 Nxb3 47. Bxa6 Nxa5 48. Re5 Nc6 49. Rb5 Rb8 50. Rxb8+ Nxb8 51. Bd3 Nc6 52. Kf1 Nd4 53. Ke1 Kf8 54. Kd2 Ke7 55. Bc4 Nf3+ 56. Kc2 f5 57. Kb3 Nxh2 58. Kxb4 Ng4 59. f3 Ne5 60. Be2 g5 61. Kc3 Kf6 62. g4 0-1

[Event "FIDE World Uni Rapid-C 1st"]
[Site "Tornelo INT"]
[Date "2021.03.21"]
[Round "11"]
[White "Gorovenko, Darya"]
[Black "Tawegoum, Ivan"]
[Result "1-0"]
[WhiteElo "2106"]
[BlackElo "1880"]
[PlyCount "71"]
[EventDate "2021.03.20"]
[EventType "swiss (rapid)"]
[EventRounds "12"]
[EventCountry "NET"]
[SourceTitle "CBM 201 Extra"]
[Source "ChessBase"]
[SourceDate "2021.05.31"]
[SourceVersion "1"]
[SourceVersionDate "2021.05.31"]
[SourceQuality "1"]

1. d4 Nf6 2. Nf3 e6 3. g3 d5 4. Bg2 Be7 5. 0-0 0-0 6. Nbd2 c5 7. c4 b6 8. cxd5 exd5 9. b3 Bb7 10. Bb2 Nc6 11. Rc1 Re8 12. Re1 Rc8 13. dxc5 bxc5 14. Qc2 Nb4 15. Qb1 Qb6 16. Ne5 Nc6 17. Nxc6 Bxc6 18. e3 Bd7 19. Nf3 Be6 20. Ne5 Rc7 21. Red1 Rec8 22. h4 h6 23. Qa1 Bf8 24. Nd3 Ne4 25. Nf4 Rd8 26. Bxe4 Rcd7 27. Bf3 f6 28. Rd2 d4 29. exd4 cxd4 30. Nxe6 Qxe6 31. Rxd4 Rxd4 32. Bxd4 Ba3 33. Re1 Qf5 34. Kg2 Qc2 35. Qc3 Qxa2 36. Ra1 1-0

[Event "FIDE World Uni Rapid-C 1st"]
[Site "Tornelo INT"]
[Date "2021.03.21"]
[Round "7"]
[White "Sakshi, Pradyumn"]
[Black "Gorovenko, Darya"]
[Result "0-1"]
[WhiteElo "1504"]
[BlackElo "2106"]
[PlyCount "134"]
[EventDate "2021.03.20"]
[EventType "swiss (rapid)"]
[EventRounds "12"]
[EventCountry "NET"]
[SourceTitle "CBM 201 Extra"]
[Source "ChessBase"]
[SourceDate "2021.05.31"]
[SourceVersion "1"]
[SourceVersionDate "2021.05.31"]
[SourceQuality "1"]

1. e4 c5 2. Nf3 d6 3. d4 cxd4 4. Nxd4 Nf6 5. Nc3 a6 6. Be2 e5 7. Nb3 Be7 8. 0-0 Be6 9. f4 0-0 10. f5 Bxb3 11. axb3 Nc6 12. Be3 b5 13. Bf3 Rc8 14. Rxa6 b4 15. Nd5 Nxd5 16. exd5 Nd4 17. Bxd4 exd4 18. Qxd4 Rxc2 19. Be4 Rc5 20. Qxb4 Bf6 21. Qd2 Re8 22. Bf3 Bg5 23. Qb4 Be3+ 24. Kh1 Qf6 25. Qa4 Rec8 26. Rc6 h6 27. Rxc8+ Rxc8 28. Qe4 Bg5 29. Qe2 Qd4 30. Be4 Re8 31. Re1 Bd2 32. Rd1 Rxe4 33. Qf3 Re1+ 34. Rxe1 Bxe1 35. Qe2 Qe5 36. Qxe5 dxe5 37. Kg1 Kf8 38. Kf1 Bb4 39. Ke2 Ke7 40. Kd3 Kd6 41. Kc4 Be1 42. b4 Bf2 43. g4 g6 44. h3 Bg1 45. h4 Bf2 46. h5 gxh5 47. gxh5 f6 48. b3 Bg1 49. b5 Bb6 50. b4 Bd4 51. b6 Bxb6 52. Kb5 Bg1 53. Ka6 Kxd5 54. b5 Ke4 55. Kb7 Kxf5 56. Kc6 Ke4 57. Kd6 f5 58. Kc6 f4 59. Kc7 f3 60. Kb8 Be3 61. Kb7 f2 62. Kb8 f1Q 63. Ka8 Qf8+ 64. Kb7 Kd5 65. b6 Kc5 66. Ka7 Kc6 67. Ka6 Qa8# 0-1

[Event "FIDE World Uni Rapid-C 1st"]
[Site "Tornelo INT"]
[Date "2021.03.20"]
[Round "3"]
[White "Ali Marandi, Cemil Can"]
[Black "Gorovenko, Darya"]
[Result "1-0"]
[WhiteElo "2543"]
[BlackElo "2106"]
[PlyCount "119"]
[EventDate "2021.03.20"]
[EventType "swiss (rapid)"]
[EventRounds "12"]
[EventCountry "NET"]
[SourceTitle "CBM 201 Extra"]
[Source "ChessBase"]
[SourceDate "2021.05.31"]
[SourceVersion "1"]
[SourceVersionDate "2021.05.31"]
[SourceQuality "1"]

1. d4 Nf6 2. Bg5 d5 3. Nd2 g6 4. Bxf6 exf6 5. g3 Bd6 6. Bg2 c6 7. e3 0-0 8. Ne2 f5 9. 0-0 Nd7 10. c4 dxc4 11. Nxc4 Nf6 12. Nxd6 Qxd6 13. Qb3 Ne4 14. Rfd1 Be6 15. Qc2 Bd5 16. Nf4 Rfe8 17. a3 Rac8 18. b4 Kg7 19. Rac1 h5 20. h4 a6 21. Nd3 Nf6 22. Ne5 Bxg2 23. Kxg2 Ng4 24. Qc5 Rcd8 25. Qxd6 Rxd6 26. Nc4 Rdd8 27. Na5 Rd7 28. Rd2 Nf6 29. a4 Ne4 30. Rb2 Nd6 31. Nb3 Rde7 32. Nc5 Rd8 33. Nd3 f6 34. Nf4 Kf7 35. Ne2 Kg7 36. Nc3 Kf7 37. Rcb1 Nc4 38. Ra2 b5 39. axb5 axb5 40. Ra6 Rc7 41. Rba1 Ke7 42. Ne2 Nd6 43. Nf4 Kf7 44. Nd3 Ke7 45. Nc5 Ne4 46. Nb3 Kd6 47. Rc1 Kd5 48. f3 Nd6 49. Rc5+ Ke6 50. Rcxc6 Rxc6 51. Rxc6 Kd7 52. d5 Ra8 53. Nc5+ Ke7 54. Rc7+ Ke8 55. Rg7 Ra2+ 56. Kh3 Nc4 57. e4 Ne3 58. d6 Nf1 59. d7+ Kf8 60. Ne6# 1-0

[Event "Moscow op-A 17th"]
[Site "Moscow"]
[Date "2021.02.22"]
[Round "3"]
[White "Gorovenko, Darya"]
[Black "Druchenko, Mikhail"]
[Result "1-0"]
[WhiteElo "2106"]
[BlackElo "1761"]
[PlyCount "87"]
[EventDate "2021.02.20"]
[EventType "swiss"]
[EventRounds "9"]
[EventCountry "RUS"]
[SourceTitle "CBM 200 Extra"]
[Source "ChessBase"]
[SourceDate "2021.03.31"]
[SourceVersion "1"]
[SourceVersionDate "2021.03.31"]
[SourceQuality "1"]

1. d4 f5 2. c4 Nf6 3. Nc3 d6 4. Nf3 g6 5. g3 Bg7 6. Bg2 0-0 7. 0-0 Qe8 8. Nd5 Nxd5 9. cxd5 Nd7 10. Ng5 Nb6 11. a4 a5 12. Qc2 Qd8 13. Rd1 h6 14. Ne6 Bxe6 15. dxe6 d5 16. h4 c6 17. h5 Qd6 18. Qb3 Nc4 19. e4 fxe4 20. Bxe4 Qxe6 21. Bxg6 Bxd4 22. Bf4 Rxf4 23. gxf4 Qg4+ 24. Kf1 Qxf4 25. Rxd4 Qxd4 26. Qg3 Rf8 27. Re1 Qg7 28. b3 Nd6 29. Qe3 Nf5 30. Qe6+ Kh8 31. Bxf5 Qg5 32. Qe5+ Qf6 33. Bg6 b5 34. Qxf6+ Rxf6 35. axb5 cxb5 36. Rxe7 a4 37. bxa4 bxa4 38. Ra7 Rf4 39. Ra5 Rd4 40. Ke2 Kg7 41. Ke3 Rb4 42. Rxd5 a3 43. Ra5 Rb3+ 44. Bd3 1-0

[Event "RUS-ch Higher League (Women) 70th"]
[Site "Sochi"]
[Date "2020.10.09"]
[Round "2"]
[White "Vasilevich, Tatjana"]
[Black "Gorovenko, Darya"]
[Result "1-0"]
[WhiteElo "2360"]
[BlackElo "2120"]
[PlyCount "89"]
[EventDate "2020.10.08"]
[EventType "swiss"]
[EventRounds "9"]
[EventCountry "RUS"]
[SourceTitle "CBM 198 Extra"]
[Source "ChessBase"]
[SourceDate "2020.11.30"]
[SourceVersion "1"]
[SourceVersionDate "2020.11.30"]
[SourceQuality "1"]

1. e4 c5 2. Nf3 d6 3. d4 cxd4 4. Nxd4 Nf6 5. f3 Nc6 6. c4 g6 7. Nc3 Bg7 8. Be3 0-0 9. Qd2 Nxd4 10. Bxd4 Nd7 11. Be3 Ne5 12. Be2 Be6 13. b3 a6 14. 0-0 Nc6 15. Rac1 Qa5 16. Rfd1 Rac8 17. Nd5 Qxd2 18. Rxd2 Bxd5 19. exd5 Ne5 20. b4 b6 21. c5 bxc5 22. bxc5 dxc5 23. Bxa6 Ra8 24. Be2 c4 25. Bxc4 Rfc8 26. Rdc2 Nxc4 27. Rxc4 Rxc4 28. Rxc4 Be5 29. a4 f5 30. Bb6 Kf7 31. a5 Bb8 32. Kf2 e6 33. dxe6+ Kxe6 34. f4 Bd6 35. Ke3 Kd5 36. Kd3 h5 37. h4 Be7 38. g3 Bf6 39. Rc5+ Kd6 40. Kc4 Kd7 41. Kb5 Rc8 42. Rxc8 Kxc8 43. Kc6 Bc3 44. a6 Kb8 45. Bf2 1-0

[Event "Chigorin Memorial 27th"]
[Site "St Petersburg"]
[Date "2019.10.13"]
[Round "9"]
[White "Gorovenko, Darya"]
[Black "Bublei, Pavel"]
[Result "1/2-1/2"]
[WhiteElo "2088"]
[BlackElo "2358"]
[PlyCount "68"]
[EventDate "2019.10.05"]
[EventType "swiss"]
[EventRounds "9"]
[EventCountry "RUS"]
[SourceTitle "EXT 2021"]
[Source "ChessBase"]
[SourceDate "2020.10.23"]
[SourceVersion "1"]
[SourceVersionDate "2020.10.23"]
[SourceQuality "1"]

1. Nf3 Nf6 2. d4 e6 3. g3 c5 4. Bg2 cxd4 5. 0-0 d5 6. Nxd4 e5 7. Nb3 Be6 8. Bg5 Nbd7 9. Nc3 Be7 10. f4 exf4 11. gxf4 Nb6 12. f5 Bd7 13. Bxf6 Bxf6 14. Nxd5 Nxd5 15. Qxd5 Qb6+ 16. Kh1 Bc6 17. Qc5 0-0-0 18. Bxc6 bxc6 19. Qc4 Rd5 20. e4 Qb5 21. Qxb5 Rxb5 22. Rad1 Re8 23. Nd2 Bxb2 24. Nc4 Be5 25. Rf3 Rc5 26. Nxe5 Rcxe5 27. Rc3 Kc7 28. Rd5 Rxe4 29. Rdc5 Rg4 30. Rxc6+ Kb7 31. Rc7+ Kb8 32. h3 Re1+ 33. Kh2 Re2+ 34. Kh1 Re1+ 1/2-1/2

[Event "Chigorin Memorial 27th"]
[Site "St Petersburg"]
[Date "2019.10.12"]
[Round "8"]
[White "Gevorgyan, David"]
[Black "Gorovenko, Darya"]
[Result "1/2-1/2"]
[WhiteElo "2336"]
[BlackElo "2088"]
[PlyCount "79"]
[EventDate "2019.10.05"]
[EventType "swiss"]
[EventRounds "9"]
[EventCountry "RUS"]
[SourceTitle "EXT 2021"]
[Source "ChessBase"]
[SourceDate "2020.10.23"]
[SourceVersion "1"]
[SourceVersionDate "2020.10.23"]
[SourceQuality "1"]

1. e4 c5 2. d3 d5 3. Nd2 Nc6 4. Ngf3 Nf6 5. g3 dxe4 6. dxe4 e5 7. Bg2 Be7 8. 0-0 0-0 9. c3 b6 10. Qe2 Qc7 11. Nh4 g6 12. Re1 Rd8 13. Nf1 Bg4 14. Bf3 Be6 15. Bg5 Ne8 16. Bxe7 Nxe7 17. Bg4 Qc8 18. Bxe6 Qxe6 19. Ne3 Nf6 20. f3 Rd7 21. b3 Rad8 22. Rad1 Rxd1 23. Rxd1 Rxd1+ 24. Qxd1 Qd7 25. Qxd7 Nxd7 26. Kf2 f6 27. Ke2 Kf7 28. Kd3 Ke6 29. a4 a6 30. Nhg2 b5 31. axb5 axb5 32. Ne1 Nb8 33. N1c2 Nbc6 34. Na3 b4 35. cxb4 cxb4 36. Nac2 Na5 37. Nxb4 Nxb3 38. Nbd5 Nxd5 39. Nxd5 Nd4 40. Ke3 1/2-1/2

[Event "Chigorin Memorial 27th"]
[Site "St Petersburg"]
[Date "2019.10.10"]
[Round "6"]
[White "Can, Isik"]
[Black "Gorovenko, Darya"]
[Result "1-0"]
[WhiteElo "2361"]
[BlackElo "2088"]
[PlyCount "47"]
[EventDate "2019.10.05"]
[EventType "swiss"]
[EventRounds "9"]
[EventCountry "RUS"]
[SourceTitle "EXT 2020"]
[Source "ChessBase"]
[SourceDate "2019.10.17"]
[SourceVersion "1"]
[SourceVersionDate "2019.10.17"]
[SourceQuality "1"]

1. e4 c5 2. Nf3 d6 3. d4 cxd4 4. Nxd4 Nf6 5. Nc3 a6 6. Be3 e5 7. Nb3 Be6 8. h3 Be7 9. f4 exf4 10. Bxf4 Nc6 11. Qe2 Rc8 12. 0-0-0 Nb4 13. e5 Nfd5 14. Nxd5 Bxd5 15. exd6 Rxc2+ 16. Qxc2 Nxc2 17. Rxd5 0-0 18. Kxc2 Qd7 19. dxe7 Rc8+ 20. Rc5 Qf5+ 21. Kd1 Qd7+ 22. Bd2 Rxc5 23. Nxc5 Qxe7 24. Nd3 1-0

[Event "Chigorin Memorial 27th"]
[Site "St Petersburg"]
[Date "2019.10.05"]
[Round "1"]
[White "Gorovenko, Darya"]
[Black "Kuleshov, Dmitrii"]
[Result "1-0"]
[WhiteElo "2088"]
[BlackElo "1245"]
[PlyCount "73"]
[EventDate "2019.10.05"]
[EventType "swiss"]
[EventRounds "9"]
[EventCountry "RUS"]
[SourceTitle "EXT 2020"]
[Source "ChessBase"]
[SourceDate "2019.10.17"]
[SourceVersion "1"]
[SourceVersionDate "2019.10.17"]
[SourceQuality "1"]

1. d4 d5 2. Nf3 Nf6 3. g3 Bf5 4. Bg2 e6 5. 0-0 c6 6. c4 Bd6 7. Nbd2 Nbd7 8. Nh4 Bg4 9. Qe1 0-0 10. e4 dxe4 11. Nxe4 Nxe4 12. Qxe4 Nf6 13. Qc2 Rc8 14. Be3 b6 15. Qa4 Qc7 16. c5 Be7 17. Nf3 Nd5 18. b4 Nxe3 19. fxe3 b5 20. Qa6 Bxf3 21. Bxf3 Rfd8 22. a4 bxa4 23. Rxa4 Rd7 24. Qe2 Qb8 25. Rb1 Rb7 26. Qg2 a5 27. Bxc6 Rxb4 28. Raxb4 axb4 29. Bb7 Rc7 30. Rxb4 e5 31. Qb2 exd4 32. exd4 Qa7 33. Be4 Qa5 34. Rb8+ Bf8 35. Kf2 Re7 36. Ra8 Rxe4 37. Rxa5 1-0

[Event "Moscow-ch rapid (Women)"]
[Site "Moscow"]
[Date "2018.12.09"]
[Round "11"]
[White "Gorovenko, Darya"]
[Black "Strutinskaya, Galina N"]
[Result "1/2-1/2"]
[WhiteElo "2163"]
[BlackElo "2201"]
[PlyCount "69"]
[EventDate "2018.12.08"]
[EventType "swiss (rapid)"]
[EventRounds "11"]
[EventCountry "RUS"]
[SourceTitle "CBM 187 Extra"]
[Source "ChessBase"]
[SourceDate "2018.11.04"]
[SourceVersion "1"]
[SourceVersionDate "2018.11.04"]
[SourceQuality "1"]

1. d4 e6 2. Nf3 c5 3. c4 cxd4 4. Nxd4 Nf6 5. Nc3 a6 6. e4 Bb4 7. Bd3 Nc6 8. Nxc6 dxc6 9. 0-0 e5 10. Qf3 0-0 11. Bg5 Be7 12. h3 h6 13. Bh4 Be6 14. Rfd1 Nd7 15. Bxe7 Qxe7 16. Qh5 Qg5 17. Qxg5 hxg5 18. b4 a5 19. a3 Nf6 20. Na4 axb4 21. axb4 Rfd8 22. Nc5 Rxa1 23. Rxa1 Rd4 24. Ra8+ Kh7 25. Nxe6 fxe6 26. Ra3 g4 27. hxg4 Nxg4 28. Kf1 Kg6 29. Ke2 Kg5 30. g3 Nf6 31. Ke3 Ng4+ 32. Ke2 Nf6 33. Ke3 Ng4+ 34. Ke2 Nf6 35. Ke3 1/2-1/2

[Event "Chigorin Memorial 26th"]
[Site "St Petersburg"]
[Date "2018.11.04"]
[Round "9"]
[White "Gorovenko, Darya"]
[Black "Erdenieva, Oyuna"]
[Result "1-0"]
[WhiteElo "2109"]
[BlackElo "2251"]
[PlyCount "85"]
[EventDate "2018.10.27"]
[EventType "swiss"]
[EventRounds "9"]
[EventCountry "RUS"]
[SourceTitle "CBM 187 Extra"]
[Source "ChessBase"]
[SourceDate "2018.11.04"]
[SourceVersion "1"]
[SourceVersionDate "2018.11.04"]
[SourceQuality "1"]

1. e4 c6 2. d4 d5 3. e5 Bf5 4. Nf3 e6 5. Be2 c5 6. Be3 Qb6 7. Nc3 Qxb2 8. Nb5 Bxc2 9. Qc1 Qxc1+ 10. Rxc1 Ba4 11. Nc7+ Kd7 12. Nxa8 c4 13. 0-0 Bc6 14. Rb1 Na6 15. a4 Nh6 16. Nd2 Bb4 17. Nxc4 dxc4 18. Bxc4 Ba5 19. Rfd1 Nf5 20. d5 exd5 21. Bxd5 Nxe3 22. Bxc6+ Ke6 23. fxe3 bxc6 24. Rd6+ Kxe5 25. Rxc6 Bd2 26. Rxa6 Bxe3+ 27. Kf1 Rxa8 28. Rb7 f5 29. Ke2 f4 30. Rxg7 Rb8 31. Kf3 Rb2 32. Rg5+ Kd4 33. Rd6+ Kc3 34. g3 Rf2+ 35. Ke4 Bd2 36. Rc6+ Kb3 37. gxf4 Rxf4+ 38. Kd3 Rf2 39. Rh5 a5 40. Rxh7 Bf4 41. h4 Kxa4 42. Rc2 Rf1 43. Ra2+ 1-0

[Event "Chigorin Memorial 26th"]
[Site "St Petersburg"]
[Date "2018.11.03"]
[Round "8"]
[White "Smorodkin, Kirill"]
[Black "Gorovenko, Darya"]
[Result "0-1"]
[WhiteElo "1819"]
[BlackElo "2109"]
[PlyCount "82"]
[EventDate "2018.10.27"]
[EventType "swiss"]
[EventRounds "9"]
[EventCountry "RUS"]
[SourceTitle "CBM 187 Extra"]
[Source "ChessBase"]
[SourceDate "2018.11.04"]
[SourceVersion "1"]
[SourceVersionDate "2018.11.04"]
[SourceQuality "1"]

1. e4 c5 2. Nf3 d6 3. d4 cxd4 4. Nxd4 Nf6 5. Nc3 a6 6. h3 e5 7. Nde2 h5 8. Bg5 Be6 9. Bxf6 Qxf6 10. Nd5 Qd8 11. Nec3 g6 12. Bc4 Bg7 13. 0-0 0-0 14. a4 Nc6 15. Ba2 Rc8 16. Ne2 Qh4 17. Ng3 Qg5 18. Kh1 Kh8 19. c3 Rcd8 20. b4 Bh6 21. b5 Nb8 22. Nc7 Bc8 23. Bb3 Nd7 24. Qxd6 Nf6 25. Qb4 Qh4 26. Nd5 Bxh3 27. Nxf6 Bc8+ 28. Kg1 Qxf6 29. Rad1 h4 30. Ne2 h3 31. Kh2 Kg7 32. Rxd8 Rxd8 33. Ng3 Bf4 34. Bc4 Rh8 35. Kg1 Qh4 36. Rd1 hxg2 37. Kxg2 Qh3+ 38. Kg1 Bxg3 39. fxg3 Qxg3+ 40. Kf1 Qf3+ 41. Ke1 Rh1+ 0-1

[Event "Chigorin Memorial 26th"]
[Site "St Petersburg"]
[Date "2018.10.30"]
[Round "4"]
[White "Stupak, Kirill"]
[Black "Gorovenko, Darya"]
[Result "1-0"]
[WhiteElo "2583"]
[BlackElo "2109"]
[PlyCount "163"]
[EventDate "2018.10.27"]
[EventType "swiss"]
[EventRounds "9"]
[EventCountry "RUS"]
[SourceTitle "CBM 187 Extra"]
[Source "ChessBase"]
[SourceDate "2018.11.04"]
[SourceVersion "1"]
[SourceVersionDate "2018.11.04"]
[SourceQuality "1"]

1. d4 Nf6 2. c4 g6 3. g3 Bg7 4. Bg2 d5 5. Nf3 0-0 6. 0-0 dxc4 7. Na3 c3 8. bxc3 c5 9. e3 Nc6 10. Qe2 Bf5 11. Rd1 Qa5 12. Bb2 cxd4 13. cxd4 Rac8 14. Nd2 Qb4 15. Nb3 Be4 16. f3 Bd5 17. Nc5 Na5 18. Bc1 Bc4 19. Qd2 Nd5 20. Qxb4 Nxb4 21. Bd2 Nbc6 22. Be1 b6 23. Ne4 Rfd8 24. f4 Nxd4 25. Bxa5 Ne2+ 26. Kf2 Bxa1 27. Rxd8+ Rxd8 28. Nxc4 Nxf4 29. gxf4 bxa5 30. Ke2 a4 31. Ned2 Bc3 32. Bc6 a3 33. Ba4 Rd5 34. Nf3 Kg7 35. Bb3 Rh5 36. Nxa3 e5 37. Nb5 e4 38. Nxc3 exf3+ 39. Kxf3 Rxh2 40. Nb5 a5 41. e4 a4 42. Bd5 Rh3+ 43. Kf2 Rh2+ 44. Ke3 Rh3+ 45. Kf2 Rh2+ 46. Kg3 Rd2 47. Bc4 h5 48. e5 Kf8 49. Kf3 Ke7 50. Nd6 h4 51. Kg4 Rd4 52. Bxf7 h3 53. Kxh3 Rxf4 54. Bd5 Rd4 55. Bc4 a3 56. Kg3 Kd7 57. Bf7 Rd2 58. Ne4 Re2 59. Kf4 Ke7 60. Bb3 Re1 61. Bc4 Rc1 62. Nd6 Rc2 63. Bb3 Rb2 64. Bg8 Re2 65. Bc4 Rc2 66. Ke4 Rc1 67. Bb3 Rb1 68. Bc4 Rc1 69. Kf4 Rc2 70. Bg8 Re2 71. Ne4 Re1 72. Bb3 Rb1 73. Nc3 Rb2 74. Nd5+ Ke6 75. Bc4 Rh2 76. Ke4 g5 77. Ne3+ Ke7 78. Nf5+ Ke8 79. e6 Rb2 80. Bb5+ Rxb5 81. Nd6+ Ke7 82. Nxb5 1-0

[Event "Moscow-ch (Women)"]
[Site "Moscow"]
[Date "2018.03.30"]
[Round "7"]
[White "Zaitseva, Lyudmila"]
[Black "Gorovenko, Darya"]
[Result "0-1"]
[WhiteElo "1990"]
[BlackElo "2133"]
[PlyCount "206"]
[EventDate "2018.03.24"]
[EventType "swiss"]
[EventRounds "9"]
[EventCountry "RUS"]
[SourceTitle "CBM 183 Extra"]
[Source "ChessBase"]
[SourceDate "2018.04.19"]
[SourceVersion "1"]
[SourceVersionDate "2018.04.19"]
[SourceQuality "1"]

1. c4 Nf6 2. Nc3 g6 3. e4 d6 4. d4 Bg7 5. Be2 0-0 6. Be3 Nbd7 7. g4 c5 8. d5 Qa5 9. Qd2 b5 10. cxb5 a6 11. f3 Nb6 12. Bh6 Bxh6 13. Qxh6 axb5 14. Bxb5 Nbxd5 15. exd5 Nxd5 16. Nge2 Rb8 17. Bc4 Nxc3 18. bxc3 Qa4 19. Qf4 Bd7 20. 0-0 Rb2 21. Qc1 Rb6 22. Bb3 Qa6 23. Nf4 c4 24. Bc2 e6 25. Rb1 Rfb8 26. Qe3 Rb2 27. Rxb2 Rxb2 28. Bb1 Qb5 29. Qc1 Bc6 30. Ng2 Bxf3 31. Ne3 Qb6 32. Bc2 Bxg4 33. Rf2 Bf5 34. Nxf5 exf5 35. a4 Ra2 36. Kg2 Qc6+ 37. Kg3 Qc5 38. Re2 Kg7 39. Qd1 Ra3 40. Qd2 h6 41. h4 d5 42. Kg2 Qd6 43. Qd4+ Qf6 44. Re5 Ra2 45. Re2 Ra3 46. Re5 Ra2 47. Re2 f4 48. Rf2 Qxd4 49. cxd4 f5 50. Kf3 Kf6 51. Kxf4 Ra3 52. Rf3 Ra2 53. Rf2 Ra3 54. Rf3 Ra2 55. Rc3 g5+ 56. hxg5+ hxg5+ 57. Ke3 Kg6 58. Kd2 g4 59. Kc1 Ra1+ 60. Kb2 Re1 61. a5 Re6 62. Ra3 Ra6 63. Ba4 f4 64. Bb5 f3 65. Bxa6 f2 66. Ra1 g3 67. Rf1 g2 68. Rxf2 g1Q 69. Rd2 Qg3 70. Rc2 Qb3+ 71. Kc1 Qa3+ 72. Kd1 Qa1+ 73. Ke2 Qxd4 74. Rd2 Qe5+ 75. Kd1 Qa1+ 76. Ke2 Qxa5 77. Bb7 c3 78. Rxd5 Qa2+ 79. Kd3 Qd2+ 80. Kc4 c2 81. Rxd2 c1Q+ 82. Kd3 Qb1+ 83. Kc4 Qxb7 84. Rd5 Kf6 85. Kd4 Qb4+ 86. Ke3 Ke6 87. Rd4 Qe1+ 88. Kd3 Ke5 89. Rc4 Qg3+ 90. Kd2 Kd5 91. Rc3 Qf2+ 92. Kd3 Qf3+ 93. Kd2 Qf4+ 94. Kc2 Qe4+ 95. Kb3 Qb1+ 96. Ka4 Qb6 97. Rb3 Qa6+ 98. Kb4 Kd4 99. Rb2 Qb6+ 100. Ka3 Qa5+ 101. Kb3 Kd3 102. Ra2 Qb5+ 103. Ka3 Kc3 0-1